| 000 | 01156nam a2200253Ia 4500 | ||
|---|---|---|---|
| 003 | OSt | ||
| 005 | 20201022182026.0 | ||
| 008 | 191128s2009 ck ab gr 000 0 spa d | ||
| 020 | _a9789586523639 | ||
| 040 |
_aCO-JMCR _cCO-JMCR |
||
| 041 | 0 | _aspa | |
| 082 | 0 | 4 |
_a986.146 / _bR918r _223 |
| 100 | 1 |
_aRueda Enciso, José Eduardo, _eautor _910905 |
|
| 245 | 1 | 3 |
_a La república liberal decimonónica en Cundinamarca, 1849-1886 : _baspectos políticos y administrativos / _cJosé Eduardo Rueda Enciso y Elías Gómez Contreras |
| 260 |
_aBogotá : _bESAP, _c[2009?] |
||
| 300 |
_a535 páginas : _bmapas a blanco y negro ; _c24 cm. |
||
| 500 | _aIncluye notas a pie de página. | ||
| 504 | _aBibliografía: páginas 520-535 | ||
| 505 | 0 | _aEl contexto nacional -- División político-administrativa -- Funcionamiento estatal -- El programa radical caminos y escuelas -- La política en Cundinamarca entre 1849-1886 | |
| 651 | 4 |
_aCundinamarca (Colombia) _xhistoria _yRepública Liberal,1849-1886 _911867 |
|
| 651 | 4 |
_aCundinamarca (Colombia) _xpolítica y gobierno _y1849-1886 _911868 |
|
| 700 | 1 |
_aGómez Contreras, Elías, _eautor _910907 |
|
| 942 |
_2ddc _cBK |
||
| 999 |
_c6293 _d6293 |
||